| 000 | 00411nam a2200121Ia 4500 | ||
|---|---|---|---|
| 008 | 220217s9999 xx 000 0 und d | ||
| 245 | 0 | _aMethods of test for natural rubber latex. Part 9. Determination of total ash. Second Revision | |
| 260 | _aNew Delhi | ||
| 260 |
_c2005 _bBureau of Indian Standards |
||
| 490 | _aIndian standard | ||
| 500 | _aStandard number: IS 3708 (Part 9): (ISO 247: 1990) | ||
| 942 | _cST | ||
| 999 |
_c73749 _d73749 |
||